| 000 | 00663nam a2200217 a 4500 | ||
|---|---|---|---|
| 003 | MX-MxUPN | ||
| 005 | 20240925065532.0 | ||
| 008 | 240126s1964 cl |||||r|||| 000 0 spa d | ||
| 040 |
_aMX-MxUPN _bspa _cMX-MxUPN |
||
| 041 | 0 | _aspa | |
| 050 | 1 | 4 |
_aLC191 _bM355 1964 |
| 100 | 1 |
_aMaíllo, Adolfo, _d1901-1995 _930404 |
|
| 245 | 1 | 0 | _aAcción social de la escuela |
| 260 |
_aSantiago de Chile : _bOficina Regional de Educación de la Unesco, _c1964 |
||
| 300 | _a100 páginas | ||
| 490 | 0 |
_aSerie de monografías ; _v6 |
|
| 650 | 4 |
_aSociología de la educación _94896 |
|
| 902 |
_aGCH260124 _bVíctor Ruiz/120224 |
||
| 942 |
_2lcc _cLIBRO |
||
| 999 |
_c210861 _d210861 |
||